000 00526nam a2200181 a 4500
001 000016466
005 20200929164922.0
008 100305s1997 dr 001 0 spa d
040 _aDO-SdBNP
_bspa
_cBNPHU
082 _bP579d
100 1 _aPiña Martínez, Alfredo
_936256
245 1 0 _aDerecho procesal civil /
_cAlfredo Piña Martínez.
260 _aSan Francisco de Macorís :
_bKalis,
_c1997.
300 _a184 p. ;
_c22 cm.
500 _aLa biblioteca posee el t. 2
590 _aRegistro duplicado.
049 _aBNPD
999 _c16001
_d16001